|
|
|
|
| LEADER |
01461nam a22003137a 4500 |
| 001 |
40768 |
| 003 |
BD-DhAAL |
| 005 |
20230131114325.0 |
| 008 |
230131t20192009bg ||||| |||| 00| 0 ben d |
| 020 |
|
|
|a 9847015600785
|
| 040 |
|
|
|a BD-DhAAL
|c BD-DhAAL
|
| 041 |
|
|
|a ben
|
| 082 |
|
|
|2 23
|a 891.4437
|
| 100 |
|
|
|a জলদাস, হরিশংকর
|9 6005
|
| 245 |
|
|
|a কৈবর্ত কথা /
|c হরিশংকর জলদাস
|
| 246 |
|
|
|a Koibortakatha
|
| 260 |
|
|
|a ঢাকা :
|b মওলা ব্রাদার্স,
|c ২০০৯ [ষষ্ঠ মুদ্রণ ২০১৯]
|
| 300 |
|
|
|a ১১০ পৃষ্ঠা ;
|c ২২ সে.মি.
|
| 526 |
|
|
|a GenEd (Residential Campus)
|
| 541 |
|
|
|a Development Book Agency
|e 40767, 40768
|
| 650 |
|
|
|a Fishers
|z Bangladesh
|x Social life and customs.
|9 53553
|
| 650 |
|
|
|a Fishers Social life and customs.
|9 53554
|
| 650 |
|
|
|a Fishers
|x Fiction.
|9 53555
|
| 650 |
|
|
|a Bengali Literature.
|
| 852 |
|
|
|a Ayesha Abed Library
|c General Stacks
|
| 942 |
|
|
|2 ddc
|c BK
|
| 999 |
|
|
|c 45361
|d 45361
|
| 952 |
|
|
|0 0
|1 0
|2 ddc
|4 0
|6 891_443700000000000_JAL
|7 0
|9 72929
|a SCL
|b SCL
|c GEN
|d 2023-01-15
|e Development Book Agency
|g 157.00
|l 2
|m 5
|o 891.4437 JAL
|p 3020040767
|r 2025-07-12
|s 2025-07-07
|t 2
|v 157.00
|w 2023-01-15
|y BK
|
| 952 |
|
|
|0 0
|1 0
|2 ddc
|4 0
|6 891_443700000000000_JAL
|7 0
|9 72930
|a SCL
|b SCL
|c GEN
|d 2023-01-15
|e Development Book Agency
|g 157.00
|l 1
|o 891.4437 JAL
|p 3020040768
|r 2024-10-29
|s 2024-10-22
|t 1
|v 157.00
|w 2023-01-15
|y BK
|